000
00238nam a2200097Ia 4500
008
240625s9999 xx 000 0 und d
041
_a
eng
100
_a
KUMAR NIRMALYA
245
_a
CHANGING MARKETING PARADIGM FOR THE NEW
365
_c
RS
_b
15
999
_c
34676
_d
34676